[Event "IECC O email"]
[Site "IECC email"]
[Date "2002.07.03"]
[Round "?"]
[White "Ladkin, Peter"]
[Black "Van Rensburg, Kevin"]
[Result "0-1"]
[WhiteElo "920"]
[BlackElo "984"]
[PlyCount "76"]
[EventDate "2002.??.??"]
[EventType "tourn (corr)"]
[EventRounds "6"]
[SourceTitle "Corr 2008"]
[Source "ChessBase"]
[SourceDate "2008.06.24"]
[SourceVersion "1"]
[SourceVersionDate "2008.06.24"]
[SourceQuality "1"]

1. e4 e5 2. Nc3 Nf6 3. Nf3 d5 4. Nxe5 Be6 5. d3 dxe4 6. dxe4 Bb4 7. Bb5+ c6 8. Ba4 Qa5 9. 0-0 Qxe5 10. f4 Qc5+ 11. Rf2 Bxc3 12. bxc3 Qxc3 13. Bd2 Qd4 14. h3 Nxe4 15. Qf3 Qxa1+ 16. Rf1 Qd4+ 17. Be3 Qxa4 18. f5 Bxa2 19. Bc5 Qxc2 20. f6 Qxc5+ 21. Kh1 Nxf6 22. Re1+ Be6 23. Qd3 h5 24. Rd1 Ke7 25. Qg3 Ne4 26. Qh4+ Ng5 27. Qg3 f6 28. Qf4 Na6 29. Rc1 Qe5 30. Qf2 Rhd8 31. Re1 Qa5 32. h4 Nf7 33. Qe2 Rd6 34. Kh2 Rad8 35. Rf1 Nh6 36. Rb1 Ng4+ 37. Kg1 Qc5+ 38. Kf1 Qf5+ 0-1